| 000 | 00524nam a2200193 a 4500 | ||
|---|---|---|---|
| 005 | 20210223121818.0 | ||
| 008 | 991125s1990 mx 000 0 spa u | ||
| 020 | _a9686394516 | ||
| 035 | _aUPN01000024244 | ||
| 049 | _aI | ||
| 050 | 4 |
_aQC358 _bK4.48 |
|
| 100 | 1 |
_aKerrod, Robin, _d1940- _928826 |
|
| 245 | 1 | 0 |
_aFantástica luz / _cRobin Kerrod. |
| 260 |
_aMéxico : _bCONACYT : _bSITESA, _c1990. |
||
| 300 | _a31 p. | ||
| 440 | 0 | _aSecretos de la ciencia | |
| 650 | 4 |
_aLUZ - _vLITERATURA JUVENIL _922011 |
|
| 905 | _aInfantil | ||
| 999 |
_c24244 _d24244 |
||